000 00306nam a2200145Ia 4500
100 _aJain/V.K
650 _aMicromachining
942 _cBK
366 _f20
245 _aIntroduction to Micromachining
260 _bNarosa
_c2010
082 _a670.4
_bJAI
546 _aENGLISH
_cInfo.Tech
999 _c35328
_d35328